Welcome to CU Library Online Public Access Catalogue (OPAC)

SOCIOLOGY (Record no. 2948)

MARC details
000 -LEADER
fixed length control field 00364nam a22001457a 4500
005 - DATE AND TIME OF LATEST TRANSACTION
control field 20250123162121.0
008 - FIXED-LENGTH DATA ELEMENTS--GENERAL INFORMATION
fixed length control field 250123b |||||||| |||| 00| 0 eng d
020 ## - INTERNATIONAL STANDARD BOOK NUMBER
International Standard Book Number 9780205676965
050 ## - LIBRARY OF CONGRESS CALL NUMBER
Classification number HM 585
Item number .T48
082 ## - DEWEY DECIMAL CLASSIFICATION NUMBER
Edition information 7TH ED
100 ## - MAIN ENTRY--PERSONAL NAME
Personal name THIO, ALEX
245 ## - TITLE STATEMENT
Title SOCIOLOGY
Remainder of title A BRIEF INTRODUCTION
Statement of responsibility, etc. ALEX THIO
300 ## - PHYSICAL DESCRIPTION
Extent XXV, 501 P.;
Other physical details IIL
942 ## - ADDED ENTRY ELEMENTS (KOHA)
Source of classification or shelving scheme Library of Congress Classification
Koha item type Books
Suppress in OPAC No
999 ## -
-- 2948
-- 2948
Holdings
Withdrawn status Lost status Source of classification or shelving scheme Damaged status Not for loan Collection Home library Current library Shelving location Date acquired Total checkouts Full call number Barcode Date last seen Copy number Price effective from Koha item type
    Library of Congress Classification     Non-fiction Business Library (Miotso) Business Library (Miotso) General stacks 03/14/2025   HM 585.T48 THI BSSM00001362 03/14/2025 2 03/14/2025 Books
    Library of Congress Classification     Non-fiction Business Library (Miotso) Business Library (Miotso) General stacks 03/14/2025   HM 585.T48 THI BSSM00001363 03/14/2025 3 03/14/2025 Books
    Library of Congress Classification     Non-fiction Business Library (Miotso) Business Library (Miotso) General stacks 03/14/2025   HM 585.T48 THI BSSM00001364 03/14/2025 4 03/14/2025 Books
    Library of Congress Classification     Non-fiction Undergraduate Library (Christ Temple) Undergraduate Library (Christ Temple) General stacks 01/23/2025   HM 585.T48 THI ulct00000895 01/23/2025 1 01/23/2025 Books
© 2023-2024 Copyright: Central University Libraries. All Rights Reserved | Created by: Mahone Tech Office